A casebook on trusts (Record no. 4784)

MARC details
000 -LEADER
fixed length control field 01104cam a2200301 4500
001 - CONTROL NUMBER
control field 2666444
003 - CONTROL NUMBER IDENTIFIER
control field OSt
005 - DATE AND TIME OF LATEST TRANSACTION
control field 20150622115325.0
008 - FIXED-LENGTH DATA ELEMENTS--GENERAL INFORMATION
fixed length control field 710723s1967 enka 000 0 eng
010 ## - LIBRARY OF CONGRESS CONTROL NUMBER
LC control number 72576837
015 ## - NATIONAL BIBLIOGRAPHY NUMBER
National bibliography number B67-25175
040 ## - CATALOGING SOURCE
Original cataloging agency DDC
Transcribing agency DLC
Modifying agency DLC
043 ## - GEOGRAPHIC AREA CODE
Geographic area code e-uk---
050 00 - LIBRARY OF CONGRESS CALL NUMBER
Classification number KD1480.A7
Item number N3 1967
082 00 - DEWEY DECIMAL CLASSIFICATION NUMBER
Classification number 346.4205/9
-- 346.05 NAT
Edition number 19
100 1# - MAIN ENTRY--PERSONAL NAME
Personal name Nathan, O.R. Marshall
9 (RLIN) 5717
245 12 - TITLE STATEMENT
Title A casebook on trusts
Statement of responsibility, etc [by] Nathan and Marshall.
250 ## - EDITION STATEMENT
Edition statement 5th ed.
Remainder of edition statement by O. R. Marshall.
260 ## - PUBLICATION, DISTRIBUTION, ETC. (IMPRINT)
Place of publication, distribution, etc London,
Name of publisher, distributor, etc Stevens,
Date of publication, distribution, etc 1967.
300 ## - PHYSICAL DESCRIPTION
Extent 509 p.
Other physical details tables.
Dimensions 26 cm.
350 ## - PRICE (NR) (BK AM CF MU VM SE) [OBSOLETE]
Price 90/-
500 ## - GENERAL NOTE
General note First ed. published in 1939 under title: Equity through the cases and judicial exposition. Second-4th eds. published under title: Equity through the cases. Sixth ed. published in 1975 under title: Cases and commentary on the law of trusts.
650 #0 - SUBJECT ADDED ENTRY--TOPICAL TERM
Topical term or geographic name as entry element Trusts and trustees
Geographic subdivision Great Britain
General subdivision Cases.
9 (RLIN) 5718
700 1# - ADDED ENTRY--PERSONAL NAME
Personal name Marshall, Oshley Roy,
Titles and other words associated with a name Sir.
9 (RLIN) 5719
906 ## - LOCAL DATA ELEMENT F, LDF (RLIN)
a 7
b cbc
c orignew
d 3
e ncip
f 19
g y-gencatlg
942 ## - ADDED ENTRY ELEMENTS (KOHA)
Source of classification or shelving scheme Dewey Decimal Classification
Koha item type Books
Holdings
Withdrawn status Lost status Source of classification or shelving scheme Damaged status Not for loan Home library Current library Shelving location Date acquired Total Checkouts Full call number Barcode Date last seen Price effective from Koha item type
    Dewey Decimal Classification     Law Development Centre Main Library Law Development Centre Main Library Text Books and Laws 01/05/2012   346.05 NAT 3284/2012 01/05/2012 01/05/2012 Books